000 00557nam a2200181Ia 4500
005 20250508163809.0
008 008 250505s9999 xx 000 0 eng d
037 _aTextual
040 _aFEDL
_beng
_cFEDL
041 _aeng
_2eng
084 _aB, GUT
_qFEDL
100 _aPollard Michael
245 0 _aJohann Gutenberg: The story of the invention of movable type and how printing led to a knowledge explosion
260 _aMumbai, India
_bOrient Longman Ltd
_c1995
300 _a64p
942 _cTEXL
_hB, GUT
999 _c1385311
_d1385311